000 00666nam a2200241Ia 4500
003 OSt
005 20220918192645.0
006 a|||||r|||| 00| 0
007 ta
008 220917b |||||||| |||| 00| 0 eng d
024 _a69,462
037 _cTextual
040 _aARTS
_cARTS
_beng
041 _2eng
_aeng
082 _aQ4:36, M8
100 _aIkeda Daisaku
_922820
245 0 _aUnlocking the mysteries of birth and death
_b buddhism in the contemporary world
260 _aLondon
_bmacdonald
_c1988
300 _axiv,218p.
_ccm.
650 _aRELIGION
942 _hQ4:36, M8
_cTEXL
_2CC
999 _c195608
_d195608